| 000 | 00389nam a22001697a 4500 | ||
|---|---|---|---|
| 005 | 20180704124600.0 | ||
| 008 | 160620b xxu||||| |||| 00| 0 eng d | ||
| 020 | _a81-203-1370-4 | ||
| 041 | _aeng | ||
| 082 |
_b8577 _a658.15 |
||
| 100 |
_aRedhead, kaith _92335 |
||
| 245 | _aFinancial Derivatives. | ||
| 260 |
_bPHI _c1998 |
||
| 300 | _a335p, | ||
| 650 |
_aManagement _9241 |
||
| 942 | _cBK | ||
| 999 |
_c3301 _d3300 |
||